LDR 01070naa#a2200181#i#450# 001 RU\\bibl\120389 005 20260418171606.6 011 ## _a2409-1073 100 ## _a20240620b2024####ek#y0rusy0150####ca 102 ## _aRU 200 1# _aИнтернальные факторы саморазвития личности в философском измерении _eЖурнальная статья 210 1# _aМосква _cФедеральное государственное автономное образовательное учреждение высшего образования Национальный исследовательский университет "Московский институт электронной техники" _d2024 215 ## _a0 с. 608 ## _aЖурнальная статья _2local 675 ## _aЛичность и призвание (назначение) философов. 101.9 _z 700 #1 _aАндриенко _gЕлена Владимировна 700 #1 _aРоманова _gАнна Сергеевна 856 4# _aesgi-journal.ru _u